| 000 | 01006nam a22003017a 4500 | ||
|---|---|---|---|
| 001 | 4949 | ||
| 003 | FISKH | ||
| 005 | 20241028113812.0 | ||
| 008 | 241028b cb ||||| |||| 00| 0 eng d | ||
| 020 | _a9780448402239 | ||
| 040 |
_aFISKH _beng _cFISKH _dFISKH |
||
| 050 | _aQL458.C64 | ||
| 082 | _a595.44 | ||
| 100 |
_aCole, Joanna _d(1944–2020) |
||
| 245 |
_aSpider's lunch all about garden spiders / _cby Joanna Cole illustrated by Ron Broda |
||
| 250 | _a1995 | ||
| 260 |
_aNew York : _bPenguin Young, _c1995. |
||
| 300 |
_a32 pages : _bColor illustrator _c23 cm |
||
| 505 | _aG | ||
| 520 | _aLevel 2. This introduction to the arachnid world explains how a hungry garden spider obtains food by building a web and patiently waiting to catch something tasty. | ||
| 521 | 8 |
_a330L
_bLexile |
|
| 521 | 8 |
_aG
_bRaz-Plus |
|
| 650 |
_2Non-fiction _aEarly reader _vInsects |
||
| 650 |
_2Science _aAll Aboard Reading |
||
| 700 |
_aBroda, Ron _dIllustrator |
||
| 942 |
_2ddc _cBK _n0 |
||
| 999 |
_c4949 _d4949 |
||